000 00616nam a2200229Ia 4500
005 20250425162832.0
008 250425s9999 xx 000 0 und d
020 _a9789587710137
041 _aspa
044 _ack
100 _aALVAREZ HEREDIA, FRANCISCO
245 0 _aGERENCIA DE HOSPITALES E INSTITUCIONES DE SALUD
250 _aS.E.
264 _aColombia, BOGOTA
_bECOE EDICIONES
_c2013.
300 _a332
650 _aADMINISTRACION DE SERVICIOS DE SALUD
650 _aGERENCIA HOSPITALARIA
650 _aMANTENIMIENTO
700 _aFAIZAL GEAGEA, ENRIQUETA
942 _c01
010 _a111207
999 _c237390
_d237390